Southville International School and Colleges
Your cart is empty.
  • Cart
  • Lists
    Public lists list_1 View all
    Your lists Log in to create your own lists
  • Log in to your account
  • Your cookies
  • Search history
Southville International School and Colleges
  • Advanced search
  • Recent comments
  • Most popular
  • Libraries

Log in to your account

Log in with GOOGLE


If you do not have an external account, but do have a local account, you can still log in:

  1. Home
  2. MARC view: The Global supply chain and risk management /
Normal view MARC view ISBD view

The Global supply chain and risk management / (Record no. 363084)

[ view plain ]
MARC details
000 -LEADER
fixed length control field 00726nam a2200253Ia 4500
008 - FIXED-LENGTH DATA ELEMENTS--GENERAL INFORMATION
fixed length control field 191119s9999 xx 000 0 und d
020 ## - INTERNATIONAL STANDARD BOOK NUMBER
International Standard Book Number 978-1-63157-958-5
050 ## - LIBRARY OF CONGRESS CALL NUMBER
Classification number REF HD 38.5
050 ## - LIBRARY OF CONGRESS CALL NUMBER
Item number .R67 2018
100 ## - MAIN ENTRY--PERSONAL NAME
Personal name Rosenberg, Stuart.
245 #4 - TITLE STATEMENT
Title The Global supply chain and risk management /
245 #0 - TITLE STATEMENT
Statement of responsibility, etc Stuart Rosenberg.
260 ## - PUBLICATION, DISTRIBUTION, ETC. (IMPRINT)
Place of publication, distribution, etc New York :
260 ## - PUBLICATION, DISTRIBUTION, ETC. (IMPRINT)
Name of publisher, distributor, etc Business Expert Press
260 ## - PUBLICATION, DISTRIBUTION, ETC. (IMPRINT)
Date of publication, distribution, etc 2018
300 ## - PHYSICAL DESCRIPTION
Extent 88 pages :
300 ## - PHYSICAL DESCRIPTION
Dimensions 23 cm.
440 ## - SERIES STATEMENT/ADDED ENTRY--TITLE
Title Supply and Operations Management Collection
500 ## - GENERAL NOTE
General note Includes index.
650 ## - SUBJECT ADDED ENTRY--TOPICAL TERM
Topical term or geographic name as entry element Business logistics.
650 ## - SUBJECT ADDED ENTRY--TOPICAL TERM
Topical term or geographic name as entry element International economic relations.
650 ## - SUBJECT ADDED ENTRY--TOPICAL TERM
General subdivision Physical distribution of goods.
650 ## - SUBJECT ADDED ENTRY--TOPICAL TERM
General subdivision Risk management.
Holdings
Withdrawn status Lost status Damaged status Home library Current library Shelving location Date acquired Cost, normal purchase price Total Checkouts Full call number Barcode Date last seen Price effective from Koha item type
      South Mansfield College South Mansfield College Reference Section 07/30/2019 2674.10   REF HD 38.5 .R67 2018 SMC06219 06/01/2020 06/01/2020 Books

The Global supply chain and risk management /

APA

Rosenberg S., .The Global supply chain and risk management. New York: .

Chicago

Rosenberg Stuart, .The Global supply chain and risk management. New York: .

Harvard

Rosenberg S., .The Global supply chain and risk management. New York: .

MLA

Rosenberg Stuart, .New York: . .

  • Place hold
  • Print
  • Cite
  • Add to your cart (remove)
  • Save record
    BIBTEX Dublin Core MARCXML MARC (non-Unicode/MARC-8) MARC (Unicode/UTF-8) MARC (Unicode/UTF-8, Standard) MODS (XML) RIS
  • More searches
    Search for this title in:
    Other Libraries (WorldCat) Other Databases (Google Scholar) Online Stores (Bookfinder.com) Open Library (openlibrary.org)

Exporting to Dublin Core...

SOUTHVILLE LIBRARY

Southville International School and Colleges Library

1281 Tropical Ave. Cor. Luxembourg St., BF Homes International, Las Pinas City

Tel. No. 8256374 / 252358 Loc. 117/146

Powered by Koha